|
|
|
|
| LEADER |
00000nab a2200000 a 4500 |
| 001 |
vtls008426552 |
| 003 |
SK-MaSNL |
| 005 |
20260319071310.0 |
| 008 |
160405 2006 xo | |000 0|hun |
| 015 |
|
|
|a SNBRB2006/01
|
| 038 |
|
|
|a KEVKJB
|
| 040 |
|
|
|a KEVKJB
|b slo
|c KEVKJB
|e AACR2
|
| 041 |
0 |
|
|a hun
|
| 044 |
|
|
|a xo
|c SK
|
| 080 |
|
|
|a 341.222
|2 1997
|
| 100 |
1 |
|
|a Havasi, Péter,
|d 1950-
|4 aut
|9 473075
|
| 245 |
1 |
0 |
|a Határnyitás Nagyszelmencen
|c Havasi Péter
|
| 300 |
|
|
|b Fotogr.
|
| 650 |
0 |
7 |
|a hraničné priechody
|z Slovensko
|z Ukrajina
|2 kevkjb
|9 1066684
|
| 651 |
|
7 |
|a Veľké Slemence (Slovensko : hraničný priechod)
|2 kevkjb
|9 1066685
|
| 773 |
0 |
|
|t Kassai Figyelő
|g Évf. IV, sz. 1 (2006), o. 7
|
| 852 |
|
|
|a KEVKJB
|b KIS3GCP
|
| 958 |
|
|
|a HU
|
| 958 |
|
|
|a UA
|
| 999 |
|
|
|c 1753368
|d 1755298
|